Introduction to nursing management functions : (Record no. 6283)

MARC details
000 -LEADER
fixed length control field 00656nam a22001817a 4500
003 - CONTROL NUMBER IDENTIFIER
control field OSt
005 - DATE AND TIME OF LATEST TRANSACTION
control field 20251125141213.0
008 - FIXED-LENGTH DATA ELEMENTS--GENERAL INFORMATION
fixed length control field 251125b |||||||| |||| 00| 0 eng d
020 ## - INTERNATIONAL STANDARD BOOK NUMBER
International Standard Book Number 971-513-102-6
040 ## - CATALOGING SOURCE
Original cataloging agency DWC-Main lib
Transcribing agency OC
082 ## - DEWEY DECIMAL CLASSIFICATION NUMBER
Classification number Fil. 610.73 C317i 1998
100 ## - MAIN ENTRY--PERSONAL NAME
Personal name Cawaon, F.
245 ## - TITLE STATEMENT
Title Introduction to nursing management functions :
Remainder of title a handbook for student nurses
Statement of responsibility, etc. Cawaon, Florence C.
260 ## - PUBLICATION, DISTRIBUTION, ETC.
Place of publication, distribution, etc. Manila :
Name of publisher, distributor, etc. Educational Publishing House,
Date of publication, distribution, etc. c1998
300 ## - PHYSICAL DESCRIPTION
Extent vii, 98 pages :
Dimensions 25 cm.
504 ## - BIBLIOGRAPHY, ETC. NOTE
Bibliography, etc. note Includes bibliographical references
942 ## - ADDED ENTRY ELEMENTS (KOHA)
Source of classification or shelving scheme Dewey Decimal Classification
Koha item type Book-Filipiniana
Classification part Fil. 610.73 C317i 1998
Call number prefix Fil.
Suppress in OPAC No
952 ## - LOCATION AND ITEM INFORMATION (KOHA)
--
Holdings
Withdrawn status Lost status Source of classification or shelving scheme Damaged status Not for loan Home library Current library Shelving location Date acquired Source of acquisition Cost, normal purchase price Total Checkouts Full call number Barcode Date last seen Copy number Price effective from Koha item type Uniform Resource Identifier
    Dewey Decimal Classification     HM & Nursing Library HM & Nursing Library Filipiniana 09/14/2005 School Fund 170.00   Fil. 610.73 C317i 1998 HMN42405 11/25/2025 c2 11/25/2025 BK - FIL